| 000 | 00713nam a2200193 a 4500 | ||
|---|---|---|---|
| 005 | 20250108063738.0 | ||
| 008 | 030523s1990 mx r 000 0 spa d | ||
| 035 | _aUPN01000124571 | ||
| 049 | _aCG | ||
| 050 | 4 |
_aLC155 P5 _bA4.3 |
|
| 245 | 0 | 0 |
_aAlfabetización y educación cívica : _bexperiencias con mujeres campesinas en Perú / _ccomp. Pilar Núñez. |
| 260 |
_aSantiago de Chile : _bUNESCO, Oficina Regional de Educación para América Latina y el Caribe, _c1990. |
||
| 300 |
_a85 p. : _bfotos |
||
| 650 | 4 |
_aAlfabetización (Educación) _zPerú _91956 |
|
| 650 | 4 |
_aCivismo _xEstudio y enseñanza _95814 |
|
| 650 | 4 |
_aMUJERES - _xEDUCACION - _zPERU _96064 |
|
| 700 | 1 |
_aNúñez, Pilar, _ecomp. |
|
| 905 | _aLibro | ||
| 999 |
_c96750 _d96750 |
||